Zdokonaľovanie informačného zabezpečenia vnútropodnikového chozrasčotu v prestavbe hospodárskeho mechanizmu
Na minha lista:
| Autor principal: | |
|---|---|
| Outros Autores: | |
| Formato: | Capítulo de Livro |
| Idioma: | eslovaco |
| Tags: |
Sem tags, seja o primeiro a adicionar uma tag!
|
MARC
| LEADER | 00000naa$a2200000$$$4500 | ||
|---|---|---|---|
| 001 | 0108922 | ||
| 005 | 20240618121537.4 | ||
| 041 | 0 | |a slo | |
| 044 | |a SK | ||
| 245 | 1 | 0 | |a Zdokonaľovanie informačného zabezpečenia vnútropodnikového chozrasčotu v prestavbe hospodárskeho mechanizmu |c Antónia Kovalčíková, František Maděra |
| 100 | 1 | |a Kovalčíková, Antónia | |
| 700 | 1 | |a Maděra, František | |